LEADER 01357nam a2200277 4500 001 000000338886 003 CaOOAMICUS 005 20200116152332.0 008 200116s1994 it 000 u ita r 020 $a88-16-30269-0 040 $aSeMil$bita 100 1 $aVidal, Jacques,$d<1925-1987>.$0(OLS)http://semarc/name/3177 240 12$aL'Église et les religions, ou Le désir réorienté.$0(OLS)http://semarc/title/427683 245 03$aIl desiderio riorientato :$bla Chiesa e le religioni /$cJacques Vidal ; prefazione di Gianfranco Ravasi ; notizia di Julien Ries. 264 1$aMilano :$bJaca Book,$c1994. 300 $a189 p. ;$c23 cm 650 4$aCristianesimo e religioni non cristiane.$0(OLS)http://semarc/subject/3360 700 1 $aRies, Julien,$c.$0(OLS)http://semarc/name/29 700 1 $aRavasi, Gianfranco,$c.$0(OLS)http://semarc/name/244 830 0$aGià e non ancora ;$v269.$0(OLS)http://semarc/title/5902 850 $aSeMil 852 $aSeMil$W1$xVenegono$y1$m2R VI 218$j218430$B230363$CSeMilBibl$Z2$F230363 $81 996 $6020$a88-16-30269-0$9(OLS)http://semarc/number/289630 996 $6245$aIl desiderio riorientato :$bla Chiesa e le religioni$9(OLS)http://semarc/title/427682 996 $6264$aMilano :$bJaca Book$9(OLS)http://semarc/publisher/29781 LEADER 01243nam a2200289 i 4500 001 000000065343 003 CaOOAMICUS 005 20190923160454.0 008 100408s1994 it u000 u ita u 013 $a36515 020 $a88-05-05377-5 040 $aSeMil$bita 100 1 $aSacchi, Paolo,$d<1930- >.$0(OLS)http://semarc/name/379 245 10$aStoria del Secondo Tempio :$bIsraele tra 6. secolo a.C. e 1. secolo d.C. /$cPaolo Sacchi. 260 $aTorino :$bSocietà Editrice Internazionale,$c1994. 300 $aXXii, 529 p. ;$c23 cm. 490 0 $aStoria 650 4$aEbrei - Storia - Antichità.$0(OLS)http://semarc/subject/4808 650 4$aGiudaismo - Sec. 6. a.C.-1. d.C.$0(OLS)http://semarc/subject/12682 830 0$aStoria [SEI].$0(OLS)http://semarc/title/425838 850 $aSeMil 852 $aSeMil$W1$xVenegono$y1$m2X III 336$j31496$B31496$CSeMilBibl$Z2$F31499 $81 961 $aOmaggio: Donazione 996 $6020$a88-05-05377-5$9(OLS)http://semarc/number/42623 996 $6245$aStoria del Secondo Tempio :$bIsraele tra 6. secolo a.C. e 1. secolo d.C.$9(OLS)http://semarc/title/103682 996 $6260$aTorino :$bSocietà Editrice Internazionale$9(OLS)http://semarc/publisher/29847